Pomáhame dostať firmy medzi top 3 značky v danom odvetví
Podľa čoho by si mali začínajúci podnikatelia vyberať názov svojej firmy. Čo je značka. Budovanie značky. Čo je dôležité, aby značka dokázala uspieť. Stotožnenie zamestnancov so značkou. Budovanie značky v rodinnom podniku.
Gespeichert in:
| 1. Verfasser: | |
|---|---|
| Format: | Buchkapitel |
| Sprache: | Slowakisch |
| Schlagworte: | |
| Tags: |
Keine Tags, Fügen Sie das erste Tag hinzu!
|
MARC
| LEADER | 00000naa a2200000 4500 | ||
|---|---|---|---|
| 001 | 0237525 | ||
| 005 | 20180326115529.7 | ||
| 041 | 0 | |a slo | |
| 044 | |a SK | ||
| 245 | 1 | 0 | |a Pomáhame dostať firmy medzi top 3 značky v danom odvetví |c Daniel Bradáč |
| 520 | |a Podľa čoho by si mali začínajúci podnikatelia vyberať názov svojej firmy. Čo je značka. Budovanie značky. Čo je dôležité, aby značka dokázala uspieť. Stotožnenie zamestnancov so značkou. Budovanie značky v rodinnom podniku. | ||
| 610 | 2 | 0 | |a značky |
| 610 | 2 | 0 | |a budovanie značky |
| 610 | 2 | 0 | |a kultúra podniková |
| 610 | 2 | 0 | |a zamestnanci |
| 610 | 2 | 0 | |a firmy |
| 610 | 2 | 0 | |a podnik rodinný |
| 100 | 1 | |a Bradáč, Daniel | |